Multiculturalismo y educación para la equidad /

En esta obra se ofrecen elementos para profundizar en el análisis y la valoración de esos retos desde posiciones diversas. Se profundiza en el concepto mismo de interculturalidad, centrado en la región latinoamericana, y se propone una análisis educativa de los derechos humanos; asimismo, se realiza...

Full description

Bibliographic Details
Other Authors: Prats, Enric (ed.), López-Hurtado Quiroz, Luis Enrique
Format: Libro
Language:Spanish
Published: Barcelona Octaedro 2007
Edition:1a. ed.
Series:Educación en valores
Subjects:
Online Access:

MARC

LEADER 00000cam a2200000 a 4500
001 014103
003 UAHC_CL
005 20170803121108.0
008 110408s2007 sp 000 spa
020 |a 9788480638968 
040 |a UAHC_CL  |c UAHC_CL  |d UAHC_CL 
082 0 4 |a 370.117  |b M961  |2 21 
245 1 0 |a Multiculturalismo y educación para la equidad /  |c Enric Prats (coord.) ; Luis Enrique López-Hurtado Quiroz ... [et al.]. 
250 |a 1a. ed. 
260 |b Octaedro  |a Barcelona  |c 2007 
300 |a 166 p. 
490 0 |a Educación en valores 
520 |a En esta obra se ofrecen elementos para profundizar en el análisis y la valoración de esos retos desde posiciones diversas. Se profundiza en el concepto mismo de interculturalidad, centrado en la región latinoamericana, y se propone una análisis educativa de los derechos humanos; asimismo, se realizan dos aportaciones, desde el terreno de la salud y desde el ámbito de los medios de comunicación, para conocer las barreras y las dificultades que se pueden vislumbrar para construir sociedades en la línea apuntada. Finalmente, se insiste en una agenda de trabajo que proporcione un empuje sólido hacia la construcción de una noción de ciudadanía más acorde con los tiempos que vivimos. 
521 |a Núcleo Temático: Pedagogía diversidad y educación 
650 4 |a EDUCACION MULTICULTURAL 
650 4 |a IGUALDAD DE OPORTUNIDADES EN EDUCACION 
658 |a Abett, Paloma 
700 1 |a Prats, Enric  |e ed. 
700 1 |a López-Hurtado Quiroz, Luis Enrique 
900 |a 370.117 MULT 
942 |c BK 
952 |0 0  |1 0  |4 0  |6 370_117000000000000_MULT  |7 0  |8 General  |9 28249  |a BC  |b BC  |c General  |d 2017-08-03  |l 4  |m 1  |o 370.117 MULT  |p 1382144  |r 2026-01-13 00:00:00  |s 2022-10-05  |t 1  |w 2017-08-03  |y BK 
999 |c 14103  |d 14103